ბათუმის შოთა რუსთაველის სახელმწიფო უნივერსიტეტის ბიბლიოთეკა

Основы аналитической химии. Теоретические основы; Количественный анализ. Книга вторая. (ბიბ.ჩანაწერი № 41425)

000 -LEADER
fixed length control field 00705nam a2200217Ia 4500
001 - CONTROL NUMBER
control field 8087
003 - CONTROL NUMBER IDENTIFIER
control field GE_BSU
008 - FIXED-LENGTH DATA ELEMENTS--GENERAL INFORMATION
fixed length control field 181216s||||||||xx |||||||||||||| ||und||
040 ## - CATALOGING SOURCE
Transcribing agency GE_BSU
080 ## - UNIVERSAL DECIMAL CLASSIFICATION NUMBER
Universal Decimal Classification number 543.062(075.8)
100 ## - MAIN ENTRY--PERSONAL NAME
Personal name Крешков,А.П.
245 ## - TITLE STATEMENT
Title Основы аналитической химии. Теоретические основы; Количественный анализ. Книга вторая.
245 ## - TITLE STATEMENT
Statement of responsibility, etc. Ред. Л.Н.Овсянникова.
250 ## - EDITION STATEMENT
Edition statement Изд 4-ое, перераб.
260 ## - PUBLICATION, DISTRIBUTION, ETC.
Place of publication, distribution, etc. М.
260 ## - PUBLICATION, DISTRIBUTION, ETC.
Name of publisher, distributor, etc. Химия.
260 ## - PUBLICATION, DISTRIBUTION, ETC.
Date of publication, distribution, etc. 1976.
300 ## - PHYSICAL DESCRIPTION
Extent 480стр.27см.
653 ## - INDEX TERM--UNCONTROLLED
Uncontrolled term Основы аналитической химии.
942 ## - ADDED ENTRY ELEMENTS (KOHA)
Koha item type წიგნი
ეგზემპლარები
Withdrawn status Lost status Damaged status Not for loan Date acquired Barcode Date last seen Price effective from Koha item type
        2018-12-17 9634 2018-12-17 2018-12-17 წიგნი